000 00425nam a2200169Ia 4500
001 14606
008 140403s9999 xx 000 0 und d
020 _a0-8144-0300-x
040 _cPK-LaUMT
082 _a 658.408
_bMOR-S
100 _aMorin, William J.
245 _aSilent sabotage : Rescuing our careers, our companies, and o
_cMorin, William J.
260 _c1995
300 _a175 p.
546 _aEN
942 _cBK
999 _c15192
_d15192